| 000 | 00436nam a2200145Ia 4500 | ||
|---|---|---|---|
| 008 | 130318s9999 xx 000 0 und d | ||
| 020 | _a9788184048513 | ||
| 082 | _a025.04 ENG/A | ||
| 100 | _aEnge, Eric. et.al. | ||
| 245 | _aThe art of SEO: Mastering search engine optimization | ||
| 260 |
_bO'reilly/Shroff Publishers and Distributors _aU.S.A _c2010 |
||
| 300 | _a574 | ||
| 650 | _aSEARCH ENGINE | ||
| 650 | _aSEARCH ENGINE OPTIMIZATION | ||
| 999 |
_c2138 _d2138 |
||